00571pab a2200169 454500008004000000100002400040245013100064260000900195300001500204362001200219650001100231773001800242908000600260909001100266999001900277952010500296180718b2014 xxu||||| |||| 00| 0 eng d aThadathil, Abhilash aAnthropological solution to a socio-economic problem: A critical analysis of the colonial literature on Travancore hill tribes c2014 ap.397-407. aOct-Dec aTribes aSocial Action aN a106023 c106018d106018 00104070aIIPAbIIPAd2018-07-19hVolume no: 64, Issue no: 4pAR106483r2018-07-19w2018-07-19yAR